DNA:A BRIDGE BETWEEN BIOCHEMISTRY AND BIOTECHNOLOGY (Record no. 216124)

MARC details
000 -LEADER
fixed length control field 00387nam a22001457a 4500
008 - FIXED-LENGTH DATA ELEMENTS--GENERAL INFORMATION
fixed length control field 250916b |||||||| |||| 00| 0 eng d
020 ## - INTERNATIONAL STANDARD BOOK NUMBER
International Standard Book Number 9798887150307
050 ## - LIBRARY OF CONGRESS CALL NUMBER
Classification number QH 447.A53 2023
100 ## - MAIN ENTRY--PERSONAL NAME
Personal name ANAM MOHAMED
245 ## - TITLE STATEMENT
Title DNA:A BRIDGE BETWEEN BIOCHEMISTRY AND BIOTECHNOLOGY
260 ## - PUBLICATION, DISTRIBUTION, ETC.
Place of publication, distribution, etc. DUBLIN
Name of publisher, distributor, etc. ORYSON PRESS
Date of publication, distribution, etc. 2023
300 ## - PHYSICAL DESCRIPTION
Extent X,296
942 ## - ADDED ENTRY ELEMENTS (KOHA)
Source of classification or shelving scheme Library of Congress Classification
Koha item type Long Loan Book
Holdings
Withdrawn status Lost status Source of classification or shelving scheme Damaged status Not for loan Collection Home library Current library Shelving location Date acquired Inventory number Total checkouts Full call number Barcode Date last seen Copy number Price effective from Koha item type
    Library of Congress Classification     Science & Technology Kisii University Library Kisii University Library On Display 09/16/2025 109620   QH 447.A53 2023 000000020278 09/16/2025 C.4 09/16/2025 Long Loan Book
    Library of Congress Classification     Science & Technology Kisii University Library Kisii University Library On Display 09/16/2025 109619   QH 447.A53 2023 000000013270 09/16/2025 C.3 09/16/2025 Long Loan Book
    Library of Congress Classification     Science & Technology Kisii University Library Kisii University Library On Display 09/16/2025 109618   QH 447.A53 2023 000000013269 09/16/2025 C.2 09/16/2025 Long Loan Book
    Library of Congress Classification     Science & Technology Kisii University Library Kisii University Library On Display 09/16/2025 109617   QH 447.A53 2023 000000013268 09/16/2025 C.1 09/16/2025 Long Loan Book